Random Knowledge Quiz #37 - Statistics

General Stats
  • This quiz has been taken 233 times
  • The average score is 10 of 19
Answer Stats
Question Answer % Correct
What are Nemo, Mrs. Puff, Cleo, and Blinky? Fish
91%
Whose nose grows if he lies? Pinocchio
91%
How many seconds are in an hour? 3600
78%
Finish this title: "The Lion, the Witch, and the..." Wardrobe
70%
Name the seven kingdoms in Europe. United Kingdom
69%
Where in France does sparkling wine need to be made for it to be called Champagne? Champagne
62%
Sweden
54%
Spain
53%
Norway
52%
Denmark
49%
Netherlands
47%
Belgium
42%
What is often said to be the best department store in London, if not all of Britain? Harrods
41%
Name one of the ways heat transfers. Convection, conduction, or radiation
40%
Where does Ross marry Rachel in Friends? Las Vegas
37%
And which tale from this collection has been adapted by Disney? Aladdin
35%
What is the largest church in the world? St. Peter's Basilica
26%
What is the "traditional" day for women to propose? Leap Day
25%
Scheherazade is the major female character and the storyteller in the frame narrative of which collection of tales? One Thousand and One Nights
24%
No matching quizzes found
Score Distribution
Percent of People with Each Score
Percentile by Number Answered
Your Score History
You have not taken this quiz